Barınaksızlara konut kongresi 21-22 Ocak 1986 / (Kayıt no. 10399)

MARC ayrıntıları
000 -BAŞLIK
Sabit Uzunluktaki Kontrol Alanı 00642nam a22001937a 4500
003 - KONTROL NUMARASI KİMLİĞİ
Kontrol Alanı KOHA_MİRAKIL
005 - EN SON İŞLEM TARİHİ ve ZAMANI
Kontrol Alanı 20260602104510.0
008 - SABİT UZUNLUKTAKİ VERİ ÖGELERİ - GENEL BİLGİ
Sabit Alan 260602b tu ||||| |||| 00| 0 tur d
040 ## - KATALOGLAMA KAYNAĞI
Özgün Kataloglama Kurumu TR-AnABB
Kataloglama Dili tur
Çeviri Kurumu TR-AnABB
041 ## - DİL KODU
Metin ya da ses kaydının dil kodu tur
082 ## - DEWEY ONU SINIFLAMA SİSTEMİ
Sınıflama Numarası 363.58
Cutter numarası TMM 1986
110 ## - KURUM ADI
Kurum Adı TMMOB Mimarlar Odası İstanbul Şubesi
245 10 - ESER ADI BİLDİRİMİ
Başlık Barınaksızlara konut kongresi 21-22 Ocak 1986 /
Sorumluluk Bildirimi TMMOB Mimarlar Odası İstanbul Şubesi
260 ## - YAYIN, DAĞITIM, VB.
Yayın Yeri İstanbul :
Yayınevi TMMOB Mimarlar Odası İstanbul Şubesi,
Yayın Tarihi 1986
300 ## - FİZİKSEL TANIMLAMA
Sayfa, Cilt vb. 150 sayfa ;
Boyutları 20 cm
650 04 - KONU BAŞLIĞI EK GİRİŞ - KONU TERİMİ
Konusal terim veya coğrafi ad Sosyal konut politikaları
650 04 - KONU BAŞLIĞI EK GİRİŞ - KONU TERİMİ
Konusal terim veya coğrafi ad Barınma
942 ## - EK GİRİŞ ÖGELERİ (KOHA)
Sınıflama Kaynağı Dewey Decimal Classification
Materyal Türü Kitap
900 ## - YEREL BİLGİ
Kontrol Can ÇELIK
110 ## - KURUM ADI
-- 3649
Mevcut
Geri Çekilme Durumu Kayıp Durumu Sınıflandırma Kaynağı Kredi için değil Kalıcı Konum Mevcut Konum Kayıt Tarih Toplam Ödünçverme Yer Numarası Demirbaş Numarası Son Görülme Tarihi Fatura Tarihi Materyal Türü
    Dewey Decimal Classification   Prof. Dr. Ruşen Keleş Kütüphanesi Prof. Dr. Ruşen Keleş Kütüphanesi 02/06/2026   363.58 TMM 1986 RK7124 02/06/2026 02/06/2026 Kitap